Symposium on structural sandwich constructions : presented at the second Pacific area national meeting, Los Angeles, Calif., September 20, 1956. /
Guardado en:
| Autores Corporativos: | , |
|---|---|
| Formato: | Libro |
| Idioma: | English |
| Publicado: |
Philadelphia :
ATM,
c1957.
|
| Series: | ASTM special technical publication ;
no. 201 |
| Materias: | |
| Etiquetas: |
Agregar Etiqueta
Sin Etiquetas, Sea el primero en etiquetar este registro!
|
| LEADER | 01206cam a22002531a 4500 | ||
|---|---|---|---|
| 001 | EIQ.libpla001989 | ||
| 008 | 750926s1957####paua#####b####100#0#eng## | ||
| 005 | 20080603180807.0 | ||
| 245 | 1 | 0 | |a Symposium on structural sandwich constructions : |b presented at the second Pacific area national meeting, Los Angeles, Calif., September 20, 1956. / |c American Society for Testing and Materials. |
| 260 | |a Philadelphia : |b ATM, |c c1957. | ||
| 300 | |a v, 102 p. : |b il. ; |c 24 cm. | ||
| 490 | 1 | |a ASTM special technical publication ; |v no. 201 | |
| 500 | |a "Sponsored by Committee C-19 on Structural Sandwich Constructions." | ||
| 504 | |a Incluye referencias bibliográficas. | ||
| 111 | 2 | |a Symposium on structural sandwich constructions |d (1957 : |c Los Angeles, Calif.) | |
| 710 | 2 | |a American Society for Testing and Materials. | |
| 810 | 2 | |a American Society for Testing and Materials. |t Special technical publication ; |v no. 201. | |
| 246 | 3 | 0 | |a Structural sandwich constructions. |
| 082 | |a 620.19 | ||
| 650 | 4 | |a Construcciones laminares |x Congresses. | |
| 650 | 4 | |a Sandwich construction |x Congresses. | |
| 010 | |a 57004386 | ||
| 040 | |a DLC |c FMU |d OCoLC |d AR-BbSID | ||
| 859 | |a AR-BbSID |b BIB. PLAPIQUI |h 624.177 9 |i Am 35 |k R |p 834 | ||
